000 01190nam0a22002771 4500
001 rc\4023782
005 20250610230851.0
035 _a(NLR Aleph) 007950515
090 _a8335981
_c8335981
100 _a20130415d1947 |||y0rusy50 ca
101 0 _arus
102 _aRU
105 _aac z |||||
200 1 _aРаботы А.А. Байкова в области металловедения
_fАкад. наук СССР
210 _aМосква
_aЛенинград
_cИзд-во Акад. наук СССР
_d1947
215 _a620-633 с., 1 л. портр.
_cил.
_d25
300 _aОтд. отт. из части 2-й
300 _aПеред загл. авт.: Акад. Н.Т. Гудцов
300 _aНа обл.: Юбилейный сборник, посвященный тридцатилетию Великой Октябрьской социалистической революции
300 _aБез тит. л. Описано по 1-й с. текста
700 1 _aГудцов
_bН.Т.
_f1885-1957
_gНиколай Тимофеевич
801 0 _aRU
_bNLR
_gpsbo
801 1 _aRU
_bELAR
_2rusmarc
852 _aNLR
_jТ30 Г-8/110
942 _cBOOK
980 _aNB